Makowski, Krzysztof A.. Siła mitu. - Poznań

Titel: Makowski, Krzysztof A.. Siła mitu. - Poznań : Wydaw. Poznańskie. - 2004 [Rezension]
Verfasser:
In: Przegla̜d historyczny, Band 97, Heft 1 (2006), Seite 110-113
alle Artikel anzeigen
Veröffentlicht: 2006
Format: Aufsatz
Sprache: Polnisch
Kein Bild verfügbar
X
alg: 39530908
001A    $01999:12-11-16 
001B    $03025:29-02-24 $t08:27:54.000 
001C    $06050:14-11-16 $t07:18:13.000 
001D    $01999:12-11-16 
001U    $0utf8 
001X    $00 
002@    $0Aox 
003@    $0395309085 
006N    $002286742 
007A    $0395309085 $aHEB 
007D    $asw061011 
007T    $0Herdkk00000610 
010@    $apol 
011@    $a2006 
021A    $aMakowski, Krzysztof A.. Siła mitu. - Poznań $dWydaw. Poznańskie. -  2004 [Rezension] 
028A    $#Tomaszewski, Jerzy $#Tomaszewski, J. $#Ṭomashevsḳi, Yerzʾi $7124117147 $8Tomaszewski, Jerzy$Z1930-2014 [Tp1] $910755769X 
031A    $d97 $e1 $h110-113 $j2006 
039B    $aIn $8--Abvc--. Przegla̜d historyczny. - Warszawa : Wydawnictwo DiG, 1905-. - ISSN 0033-2186 $x200600000970001890 $9047456078 
039T    $8--Aau--Makowski, Krzysztof A.$Z1956- [Tp1]. Siła mitu. - Poznań : Wydaw. Poznańskie, 2004. - 484 S.. - ISBN 83-7177-291-2 $9125061757 
045F    $a900.9438 $eDDC23BSB 
045F/01 $a900 
045F/03 $g438 
045F/03 $g43849 
045T    $a7,41 

lok: 39530908 78

exp: 39530908 78 1 #EPN
201B/01 $018-11-16 $t14:27:53.000 
201U/01 $0utf8 
203@/01 $0791647749 
208@/01 $a12-11-16 $be 
209A/01 $a/ $f000 $x00 
220C/01 $aTitelaufnehmer: pbb 
220C/01 $aHerkunft: PBB/IH PAN 
244Z/01 $2Trx $#Poola $#Lenkija $#Polija $#Polen Land $#Poland $#Lengyelország $#Poľsko $#Polsko $8--Trx--Polska$gkraj $x01 $9391345966 
244Z/01 $2Trx $#Großpolen $#Greater Poland $#Velkopolsko $8--Trx--Wielkopolska $x02 $9391277227 
244Z/01 $2Trx $#arvustused $#recenzijos $#Reviews $#recenziók $#recenzje $#recenzie $#recenze $8--Trx--Rezensionen $x03 $9391357441 
247C/01 $82080>Marburg/Lahn, Herder-Institut, Forschungsbibliothek, Bibliographieportal $9336309341
LEADER 00000caa a22000002c 4500
001 395309085
003 DE-603
005 20240229082754.0
007 tu
008 161112s2006 xx |||| | u00||u|pol c
035 |a (DE-599)HEB395309085 
035 |a (NL-LiSWE)02286742 
040 |a DE-603  |b ger  |c DE-603  |d DE-603 
041 |a pol 
082 0 4 |8 1\u  |a 900.9438  |q DE-101  |2 23/BSB 
084 |a 7,41  |2 ssgn 
085 |8 1\u  |b 900 
085 |8 1\u  |z 2  |s 438 
085 |8 1\u  |z 2  |s 43849 
100 1 |a Tomaszewski, Jerzy  |d 1930-2014  |0 (DE-603)10755769X  |0 (DE-588)124117147  |2 gnd 
245 0 0 |a Makowski, Krzysztof A.. Siła mitu. - Poznań  |b Wydaw. Poznańskie. - 2004 [Rezension] 
264 0 |c 2006 
773 0 8 |i In  |t Przegla̜d historyczny  |d Warszawa : Wydawnictwo DiG, 1905-  |x 0033-2186  |g Band 97, Heft 1 (2006), Seite 110-113  |w (DE-603)047456078  |w (DE-600)281539-4 
787 0 8 |i Rezension von  |a Makowski, Krzysztof A., 1956-  |t Siła mitu  |d Poznań : Wydaw. Poznańskie, 2004  |h 484 S.  |z 8371772912  |w (DE-603)125061757 
924 0 |9 2080  |a (DE-603)791647749  |b DE-2080  |c HES  |d d  |g /